Už nezacítil ani chuť gólu ...

Bibliographic Details
Main Author: Simonides, Zdeno (Author)
Format: Article
Language:Slovak
PhysicalDescription:Fotogr.
ISSN:0139-7001
Subjects:

MARC

LEADER 00000nab a2200000 a 4500
001 vtls000834332
003 SK-MaSNL
005 20260302163339.0
008 160322c2003 xo 0 slo
015 |a SNBRB2003/05-14462 
035 |a CLN000185987 
040 |a SNKBUCL  |b slo  |c SNKBUCL  |e AACR2 
041 0 |a slo 
044 |a xo  |c SK 
080 |a 796.322.071  |2 UDC-MRF-SK2 
080 |a 929 Papiernik, Jaroslav  |2 UDC-MRF-SK2 
100 1 |a Simonides, Zdeno  |4 aut  |9 267849 
245 1 0 |a Už nezacítil ani chuť gólu ...  |c Zdeno Simonides 
300 |b Fotogr. 
600 1 7 |a Papiernik, Jaroslav  |d 1952-2002  |2 snkbucl  |9 7412 
655 7 |a články z novín a časopisov  |2 snkbucl  |9 267496 
773 0 |x 0139-7001  |t Šport  |g Roč. 57, č. 95 (25.4.2003), s. 46-47 
850 |a Slovenská národná knižnica v Martine 
852 |a SNK  |b KIS3GCP 
958 |a BX 
958 |a RBX 
999 |c 1383053  |d 1384983